书目信息 |
| 题名: |
恢复气候的路径
|
|
| 作者: | 唐代兴 著 | |
| 分册: | ||
| 出版信息: | 北京 人民出版社 2017.10 |
|
| 页数: | 352页 | |
| 开本: | 24cm | |
| 丛书名: | ||
| 单 册: | ||
| 中图分类: | P467 | |
| 科图分类: | ||
| 主题词: | 气候变化--对策--研究--中国 | |
| 电子资源: | ||
| ISBN: | 978-7-01-018328-2 | |
| 000 | 00878nam0 2200229 450 | |
| 001 | 5141 | |
| 005 | 20181014111355.77 | |
| 010 | @a978-7-01-018328-2@dCNY70.00 | |
| 100 | @a20180217d2017 em y0chiy50 ea | |
| 101 | 0 | @achi |
| 102 | @aCN@b110000 | |
| 105 | @ay z 001yy | |
| 200 | 1 | @a恢复气候的路径@9hui fu qi hou de lu jing@f唐代兴著 |
| 210 | @a北京@c人民出版社@d2017.10 | |
| 215 | @a352页@d24cm | |
| 300 | @a国家环境治理研究 国家社科基金项目结项成果 四川师范大学学术著作出版基金资助出版 | |
| 330 | @a本书分为治理大气环境的目标方向、治理大气环境的社会路径两篇,内容包括:恢复气候的环境能力诉求、恢复气候的生境目标共识、恢复气候的人类生境方向、恢复气候的生境政治引导、恢复气候的生境经济方式等。 | |
| 606 | 0 | @a气候变化@x对策@x研究@y中国 |
| 690 | @aP467@v5 | |
| 701 | 0 | @a唐代兴@9tang dai xing@f(1956-)@4著 |
| 801 | 0 | @aCN@b91MARC@c20180217 |
| 905 | @aMuseLib@dP467@e130 | |
| 恢复气候的路径/唐代兴著.-北京:人民出版社,2017.10 |
| 352页;24cm |
| 国家环境治理研究 国家社科基金项目结项成果 四川师范大学学术著作出版基金资助出版 |
| ISBN 978-7-01-018328-2:CNY70.00 |
| 本书分为治理大气环境的目标方向、治理大气环境的社会路径两篇,内容包括:恢复气候的环境能力诉求、恢复气候的生境目标共识、恢复气候的人类生境方向、恢复气候的生境政治引导、恢复气候的生境经济方式等。 |
| ● |
| 相关链接 |
|
|
|
|
正题名:恢复气候的路径
索取号:P467/130
 
预约/预借
| 序号 | 登录号 | 条形码 | 馆藏地/架位号 | 状态 | 备注 |
| 1 | 1128302 | 211283029 | 第二样本阅览室/ [索取号:P467/130] | 在馆 | |
| 2 | 1128303 | 211283038 | 密集书库-资源管理系/ [索取号:P467/130] | 在馆 | |
| 3 | 1128304 | 211283047 | 第三借阅区/ [索取号:P467/130] | 在馆 |